| 000 | 00621nam a2200217Ia 4500 | ||
|---|---|---|---|
| 005 | 20241129104207.0 | ||
| 008 | 241129s9999||||xx |||||||||||||| ||und|| | ||
| 020 | _a9780226823010 | ||
| 037 | _aTextual | ||
| 040 |
_aRTL _beng _cRTL |
||
| 041 |
_aeng _2eng |
||
| 084 |
_aY7.1 R2 _qRTL |
||
| 100 |
_aMukharji Projit Bihari _9725179 |
||
| 245 | 0 |
_aBrown skins white coats: Race science in India,1920-66 _cMukharji Projit Bihari |
|
| 260 |
_aLondon _bChicago _c2022 |
||
| 300 | _a348p. | ||
| 365 |
_aINR _b2922.5 |
||
| 650 |
_aRace Studies _9725180 |
||
| 942 |
_cTB _hY7.1 R2 |
||
| 999 |
_c1224819 _d1224819 |
||